000 00468nam a2200205Ia 4500
003 0100
008 130303s9999 xx 000 0 und d
020 _a226468011
040 _cARRUPELIB
050 _aP106.L235 1980
100 _aLakoff, George
245 _aMetaphors we live by
260 _aChicago
260 _bThe university of Chicago Press
260 _C1980
300 _axiii
300 _b 242p. 21cm
700 _aGeorge Lakoff
942 0 0 _01
999 _c15311
_d15311